LEADER 01112nam a2200313 i 4500 001 991001014699707536 005 20020507181648.0 008 981001s1998 us ||| | eng 020 $a0387946071 035 $ab10789170-39ule_inst 035 $aLE01305758$9ExL 040 $aDip.to Matematica$beng 082 0 $a519.598 084 $aAMS 62J 084 $aAMS 62K 084 $aQA279.C625 100 1 $aCobb, George W.$061983 245 10$aIntroduction to design and analysis of experiments /$cGeorge W. Cobb 260 $aNew York :$bSpringer-Verlag,$cc1998 300 $axxx, 795 p. :$bill. ;$c25 cm. 500 $aIncludes bibliographical references (p. [774]-781) and indexes 650 4$aAnalysis of variance 650 4$aExperimental design 907 $a.b10789170$b21-09-06$c28-06-02 912 $a991001014699707536 945 $aLE013 62K COB11 (1998)$g1$i2013000101934$lle013$o-$pE0.00$q-$rl$s- $t0$u1$v0$w1$x0$y.i10889620$z28-06-02 996 $aIntroduction to design and analysis of experiments$9921245 997 $aUNISALENTO 998 $ale013$b01-01-98$cm$da $e-$feng$gus $h0$i1 LEADER 00997nam0 22002531i 450 001 UON00187146 005 20231205103158.311 010 $a88-7011-248-9 100 $a20030730d1986 |0itac50 ba 101 $aita 102 $aIT 105 $a|||| ||||| 200 1 $aˆIl ‰ declino industriale$eil contributo delle scienze sociali alla diagnosi e alla definizione di strategie di risposta$fa cura di Angelo Pichierri 210 $aTorino$cRosemberg$d1986 207 p. ; 20 cm. 606 $aStoriografia$3UONC014444$2FI 620 $aIT$dTorino$3UONL000014 702 1$aPichierri$bAngelo$3UONV106864 712 $aRosenberg & Sellier$3UONV248864$4650 801 $aIT$bSOL$c20250523$gRICA 899 $aSIBA - SISTEMA BIBLIOTECARIO DI ATENEO$2UONSI 912 $aUON00187146 950 $aSIBA - SISTEMA BIBLIOTECARIO DI ATENEO$dSI VAR A 0225 $eSI SC 27211 5 0225 996 $aDeclino industriale$9463359 997 $aUNIOR